| 000 | 00357 a2200133 4500 | ||
|---|---|---|---|
| 003 | NUST | ||
| 005 | 20231018170104.0 | ||
| 008 | 231018b ||||| |||| 00| 0 eng d | ||
| 082 |
_a909 _bGAL |
||
| 100 | _aV.H. Galbraith | ||
| 245 | _aAn Introduction to The Study of History | ||
| 260 | _aNational Book Foundation Islamabad | ||
| 942 |
_aNBS _cBK _k909 GAL _2ddc |
||
| 999 |
_c344215 _d344215 |
||